000 01541nam a2200457 i 4500
001 35304
003 KOSZ 005
005 20240405063107.0
008 231027s1994 pl abo g 001 0 pol d
020 _a8385521291
040 _aKOSZ 005
_cKOSZ 005/RW
045 _bd1939
_bd1941
046 _k1989
080 _a94(438).082
080 _a94(438).082.21
100 1 _aTomaszewski, Longin
_d(1921- )
_eAutor
245 1 0 _aKronika wileńska 1939-1941 /
_cLongin Tomaszewski.
250 _aWydanie 3, poszerzone i uzupełnione.
260 _aWarszawa :
_b"Pomost",
_c1994.
300 _a287 stron, [20] kart tablic :
_bfotografie, ilustracje, mapy, portrety ;
_c21 cm.
336 _aTekst
_btxt
_2rdacontent
337 _aBez urządzenia pośredniczącego
_bn
_2rdamedia
338 _aWolumin
_bnc
_2rdacarrier
380 _aKsiążki
380 _aPublikacje popularnonukowe
388 1 _a1901-2000
388 1 _a1989-2000
504 _aBibliografia na stronach 243-250. Indeks.
610 2 7 _aOkręg Wilno (Armia Krajowa)
648 7 _a1901-2000
648 7 _a1939-1945
650 7 _aII wojna światowa (1939-1945)
650 7 _aRuch oporu
651 7 _aWilno (Litwa ; okręg)
655 7 _aOpracowanie
658 _aBezpieczeństwo i wojskowość
658 _aHistoria
710 2 _aWydawnictwo Most
_4pbl
856 _uhttp://koha.tu.koszalin.pl/cgi-bin/koha/opac-detail.pl?biblionumber=35304
_yKatalog online BPK
942 _2UKD
_cKS
999 _c35304
_d35304